Guessing the Taylor Swift Song 16 - Statistics

General Stats
  • This quiz has been taken 28 times
  • The average score is 249 of 319
Answer Stats
Answer % Correct
a
100%
A
100%
an
100%
I
100%
the
100%
you
100%
you,
100%
You
100%
your
100%
Your
100%
All
95%
all
95%
and
95%
And
95%
it
95%
me
95%
My
95%
my
95%
on
95%
So
95%
this
95%
we
95%
are
90%
At
90%
I'm
90%
In
90%
in
90%
is
90%
no
90%
of
90%
Say
90%
They
90%
they
90%
to
90%
were
90%
we're
90%
when
90%
But
85%
don't
85%
friend
85%
like
85%
There
85%
About
80%
about
80%
best
80%
'Cause
80%
could
80%
got
80%
hands
80%
if
80%
just
80%
know
80%
name
80%
not
80%
off
80%
Only
80%
only,
80%
that
80%
ah,
75%
ah...
75%
ahh...
75%
by
75%
can't
75%
dress
75%
everything
75%
Our
75%
see
75%
take
75%
Take
75%
time
75%
us
75%
want
75%
both
70%
from
70%
From
70%
idea
70%
into
70%
nothing
70%
Now
70%
shaking
70%
stops
70%
up
70%
back
65%
bought
65%
crowded
65%
even
65%
Even
65%
get
65%
kiss
65%
least
65%
Made
65%
mark
65%
one
65%
room
65%
saw
65%
shape
65%
worst
65%
cut
60%
drunk
60%
Everyone
60%
face
60%
golden
60%
hair
60%
side
60%
side,
60%
tattoo
60%
try
60%
anticipation
55%
bedpost
55%
burned
55%
buzz
55%
Flashback
55%
holding
55%
met
55%
mistakes
55%
moments
55%
secret
55%
shake,
55%
thinks
55%
times
55%
wake
55%
wine
55%
bath
50%
electrified
50%
gonna
50%
spilling
50%
truth
50%
tub
50%
waiting
50%
woke
50%
bleached
45%
Carve
45%
indentation
45%
patience
45%
silence
45%
desperately
40%
explain
40%
Pining
40%
earthquakes
35%
lifeline
35%
lies
30%
Inescapable
25%
rebounds,
10%
No matching quizzes found
Score Distribution
Percent of People with Each Score
Percentile by Number Answered
Your Score History
You have not taken this quiz